000 00255nam a2200085Ia 4500
245 0 _aWars, guns, and votes : democracy in dangerous places
100 _a COLLIER, Paul London, 2009
_979579
942 _cBK
008 210817s9999 xx 000 0 und d
999 _c277836
_d277835